Pakistan employment trends 2008 (Record no. 330541)

000 -LEADER
fixed length control field nam a22 7a 4500
005 - DATE AND TIME OF LATEST TRANSACTION
control field 20170802100503.0
008 - FIXED-LENGTH DATA ELEMENTS--GENERAL INFORMATION
fixed length control field 170719b xxu||||| |||| 00| 0 eng d
040 ## - CATALOGING SOURCE
Transcribing agency NUST
082 ## - DEWEY DECIMAL CLASSIFICATION NUMBER
Classification number 360
100 ## - MAIN ENTRY--PERSONAL NAME
Personal name Ministry of labour, Govt of Pakistan
9 (RLIN) 3709
245 ## - TITLE STATEMENT
Title Pakistan employment trends 2008
Remainder of title Youth
260 ## - PUBLICATION, DISTRIBUTION, ETC.
Place of publication, distribution, etc. Pakistan:
Date of publication, distribution, etc. 2008.
Name of publisher, distributor, etc. Ministry of labour, Govt of Pakistan
300 ## - PHYSICAL DESCRIPTION
Extent 76p
942 ## - ADDED ENTRY ELEMENTS (KOHA)
Source of classification or shelving scheme
Koha item type Book
Holdings
Withdrawn status Lost status Source of classification or shelving scheme Damaged status Not for loan Collection code Permanent Location Current Location Shelving location Date acquired Total Checkouts Full call number Barcode Date last seen Price effective from Koha item type
            Central Library (CL) Central Library (CL) General Stacks 07/19/2017   360 PAK S3H-D-312 07/19/2017 07/19/2017 Book
© 2023 Central Library, National University of Sciences and Technology. All Rights Reserved.